Sign Language Live: Adjectives Quiz Stats

Quiz not verified by Sporcle

Also try: Rhymes with 'Late'
Challenge
Share
Tweet
Score 0/25 Timer 15:00
0 Plays Today
% Correct
Crazy
94.1%
Happy
89.3%
Nice
83.6%
Beautiful
76.8%
Pregnant
72.1%
Hungry
69.4%
Slow
68.4%
Weird
64%
Wonderful
61.2%
Hot (temperature)
58.5%
New
57.7%
Old
57.7%
Stupid
54.7%
% Correct
Dirty
42%
Interesting
41.8%
American
40.8%
Quiet
39.5%
Tall
38.5%
Lucky
31.6%
Amazing
31.4%
Expensive
31.4%
Wet
31.3%
Bright (visual)
29.8%
Humble
21.1%
Early
15.2%

You're not logged in!

Compare scores with friends on all Sporcle quizzes.
Sign Up with Email
OR
Log In

You Might Also Like...

Show Comments

Extras

Top Quizzes Today


Score Distribution

Your Account Isn't Verified!

In order to create a playlist on Sporcle, you need to verify the email address you used during registration. Go to your Sporcle Settings to finish the process.